000 00485nam a2200193Ia 4500
003 OSt
005 20230607084255.0
008 210423s2012 xx 000 0 und d
040 _cAL
041 _aeng
082 _a363.7 DESC
100 _aDESROCHERS (John)
_9120817
245 _aClimate change challenge
260 _aBangalore
_bNBCLC
_c2012
365 _b150
_cINR
650 _aEnvironmental Problems
_9120818
906 _achallenge. ; change ; Climate
942 _2ddc
_cBK
999 _c176042
_d176042